000
00301nam a2200133Ia 4500
100
_a
Padaria/ I.M.
942
_c
BK
654
_a
electromagnectic fields
245
_a
Principles of Electromagnetic Fields
260
_b
Technova
_c
1997
082
_a
530.141
_b
PAD
546
_a
ENGLISH
999
_c
23808
_d
23808